UM Logo

Best kept secret : (Record no. 24232)

MARC details
000 -LEADER
fixed length control field 00470nam a22001457a 4500
005 - DATE AND TIME OF LATEST TRANSACTION
control field 20260129092120.0
008 - FIXED-LENGTH DATA ELEMENTS--GENERAL INFORMATION
fixed length control field 251212b |||||||| |||| 00| 0 eng d
020 ## - INTERNATIONAL STANDARD BOOK NUMBER
International Standard Book Number 9781509821761
082 ## - DEWEY DECIMAL CLASSIFICATION NUMBER
Classification number DFic Ar23 2013
100 ## - MAIN ENTRY--PERSONAL NAME
Personal name Archer, Jeffrey.
9 (RLIN) 69441
245 ## - TITLE STATEMENT
Title Best kept secret :
Remainder of title the fate of two families forever entwined volume 3 /
Statement of responsibility, etc. Jeffrey Archer.
260 ## - PUBLICATION, DISTRIBUTION, ETC. (IMPRINT)
Place of publication, distribution, etc. London :
Name of publisher, distributor, etc. Pan Books,
Date of publication, distribution, etc. ©2013.
300 ## - PHYSICAL DESCRIPTION
Extent 466 pages :
Other physical details illustrations ;
Dimensions 20 cm.
942 ## - ADDED ENTRY ELEMENTS (KOHA)
Source of classification or shelving scheme Dewey Decimal Classification
Koha item type Fiction
Holdings
Withdrawn status Lost status Source of classification or shelving scheme Damaged status Not for loan Collection code Home library Current library Date acquired Source of acquisition Cost, normal purchase price Total Checkouts Full call number Barcode Date last seen Price effective from Koha item type
    Dewey Decimal Classification     Fiction UM Digos College - LIC UM Digos College - LIC 11/20/2025 Purchased 220.00   DFic Ar23 2013 29238 12/12/2025 12/12/2025 Fiction